On the characteristics of the lowest levels in 146Pm (Запись № 3863895)

Подробности
000 -МАРКЕР
контрольное поле 01615nam0a2200361 4500
001 - ИДЕНТИФИКАТОР ЗАПИСИ
контрольное поле RU\NLR\b_ik\191964
005 - ИДЕНТИФИКАТОР ВЕРСИИ
контрольное поле 20250616231131.0
035 ## - ДРУГИЕ СИСТЕМНЫЕ НОМЕРА
Идентификатор записи (NLR Aleph) 002264413
100 ## - ДАННЫЕ ОБЩЕЙ ОБРАБОТКИ
Данные общей обработки 20111011d2011 |||y0rusy50 ca
101 0# - ЯЗЫК РЕСУРСА
Язык текста, звукозаписи и т.д. английский
Язык резюме русский
102 ## - СТРАНА ПУБЛИКАЦИИ ИЛИ ПРОИЗВОДСТВА
Страна публикации Российская Федерация
105 ## - ПОЛЕ КОДИРОВАННЫХ ДАННЫХ: ТЕКСТОВЫЕ МАТЕРИАЛЫ, МОНОГРАФИЧЕСКИЕ
Кодированные данные о монографическом текстовом документе y |||||||||
200 1# - ЗАГЛАВИЕ И СВЕДЕНИЯ ОБ ОТВЕТСТВЕННОСТИ
Основное заглавие On the characteristics of the lowest levels in 146Pm
Первые сведения об ответственности Yu.L. Khazov
210 ## - ПУБЛИКАЦИЯ, РАСПРОСТРАНЕНИЕ И ДР.
Место издания, распространения и т.д. Gatchina
Имя издателя, распространителя и т. д. ПИЯФ
Дата издания, распространения и т.д. 2011
215 ## - ФИЗИЧЕСКАЯ ХАРАКТЕРИСТИКА
Специфическое обозначение материала и объем 7, [1] c.
Размеры 20
225 1# - СЕРИЯ
Основное заглавие серии Report
Сведения об ответственности Russ. acad. of sciences, Petersburg nuclear physics inst.
Обозначение тома ПИЯФ-2011. 2875
300 ## - ОБЩИЕ ПРИМЕЧАНИЯ
Текст примечания На обороте тит. л.: О характеристике нижних уровней 146Pm / Ю.Л. Хазов
300 ## - ОБЩИЕ ПРИМЕЧАНИЯ
Текст примечания На обл. надзаг. на рус. яз.
300 ## - ОБЩИЕ ПРИМЕЧАНИЯ
Текст примечания Рез. на рус. яз.
320 ## - ПРИМЕЧАНИЯ О НАЛИЧИИ В ДОКУМЕНТЕ БИБЛИОГРАФИИ / УКАЗАТЕЛЯ
Текст примечания Библиогр. в конце кн. (5 назв.)
517 0# - ДРУГИЕ ВАРИАНТЫ ЗАГЛАВИЯ
Вариант заглавия О характеристике нижних уровней 146Pm
606 1# - НАИМЕНОВАНИЕ ТЕМЫ КАК ПРЕДМЕТ
Наименование темы Прометий
Тематический подзаголовок Изотопы
-- Атомное ядро
-- Возбужденные состояния
Системный номер авторитетной/нормативной записи 2177075
Идентификатор авторитетной/нормативной записи RU\NLR\AUTH\6601545288
606 1# - НАИМЕНОВАНИЕ ТЕМЫ КАК ПРЕДМЕТ
Наименование темы Атомное ядро нечетно-нечетное
Тематический подзаголовок Возбужденные состояния
Системный номер авторитетной/нормативной записи 1050864
Идентификатор авторитетной/нормативной записи RU\NLR\AUTH\6688087
606 1# - НАИМЕНОВАНИЕ ТЕМЫ КАК ПРЕДМЕТ
Наименование темы Атомное ядро нечетно-нечетное
Тематический подзаголовок Энергетические уровни
Системный номер авторитетной/нормативной записи 1050876
Идентификатор авторитетной/нормативной записи RU\NLR\AUTH\6688093
686 1# - ИНДЕКСЫ ДРУГИХ КЛАССИФИКАЦИЙ
Индекс В383.4-3
686 1# - ИНДЕКСЫ ДРУГИХ КЛАССИФИКАЦИЙ
Индекс В383.23
700 #1 - ИМЯ ЛИЦА - ПЕРВИЧНАЯ ОТВЕТСТВЕННОСТЬ
Начальный элемент ввода Chazov
Часть имени, кроме начального элемента ввода J. L.
Код отношения Автор
801 #0 - ИСТОЧНИК ЗАПИСИ
Страна Российская Федерация
Организация NLR
Дата составления 20111011
Правила каталогизации RCR
942 ## - ДОПОЛНИТЕЛЬНЫЕ ЭЛЕМЕНТЫ ЗАПИСИ (АБИС)
Тип экземпляра АБИС Книга
980 ## - КОЛЛЕКЦИЯ
Название коллекции Национальная библиография
Экземпляры
Тип экземпляра Дата поступления Источник поступления Библиотека постоянного хранения Библиотека текущего хранения Место хранения Шифр хранения Штрих-код Статус экземпляра
Книга 11.10.2011 Обязательный экземпляр РНБ (Московский) РНБ (Московский) Иностранный книжный фонд Ик 2011-4/97 1-81238